000 00643cam a2200217 i 4500
001 107428
005 20230410101839.0
008 120704b2011 dr a 000 0 spa
020 _a9789945449181
041 0 _aspa
050 1 4 _a118 BX 4657
_bR788s 2011
100 1 _aRosa y Carpio, Ramón Benito de la,
_d1939-
245 1 4 _aLos santos :
_bmodelos de valores y virtudes /
_cRamón Benito de la Rosa y Carpio.
260 _aSanto Domingo :
_bEditora Montalvo,
_c2011
300 _a225 p.
440 0 _aColección Libros de la Rosa.
650 0 _aSaints.
650 0 _aChristian saints.
650 4 _aVida religiosa.
942 _2lcc
_cbk
999 _c14936
_d14936